Chains of Love (All Lyrics) - Charli XCX - Statistics

General Stats
  • This quiz has been taken 21 times
    20 since last reset
  • The average score is 163 of 185
Answer Stats
Answer % Correct
a
100%
chains
100%
fire
100%
I
100%
like
100%
love
100%
my
100%
My
100%
myself
100%
of
100%
prisoner,
100%
the
100%
The
100%
are
93%
break
93%
breaking
93%
can't
93%
Can't
93%
cruel
93%
feel
93%
on
93%
rather
93%
Shattering
93%
shouldn't
93%
you
93%
all
87%
blue
87%
heart
87%
here
87%
I'd
87%
in
87%
In
87%
is
87%
oh
87%
Oh,
87%
oh,
87%
turning
87%
And
80%
And,
80%
bleed
80%
face
80%
glass
80%
let
80%
No
80%
no,
80%
No,
80%
scars
80%
storm
80%
these
80%
without
80%
your
80%
down
73%
eye
73%
lay
73%
so
73%
thorns
73%
won't
73%
yeah,
73%
breathe
67%
drown
67%
go
67%
hard
67%
how
67%
I'm
67%
matter
67%
permanently,
67%
skin
67%
wear
67%
stream
60%
try
60%
wait
60%
watch
60%
call
53%
for
47%
light
47%
That's
13%
No matching quizzes found
Score Distribution
Percent of People with Each Score
Percentile by Number Answered
Your Score History
You have not taken this quiz since the last reset